Taco Hemingway - POCZTÓWKA Z WWA, LATO '19 - Statystyki

Ogólne statystyki
  • Ten quiz został rozwiązany 8 razy
  • Średni wynik to 6 z 11
Statystyki odpowiedzi
POCZTÓWKA Z WWA, LATO '19 % Poprawnych
KABRIOLETY
75%
W PIĄTKI LEŻĘ W WANNIE
75%
ALERT RCB
63%
ANTYSMOGOWA MASKA W MOIM CARRY-ON BAGGAGE
63%
CZŁOWIEK Z DZIURĄ ZAMIAST KRTANI
63%
WWA VHS
50%
LECI NOWY FUTURE
38%
SANATORIUM
38%
TIJUANA
38%
WUJEK DOBRA RADA
38%
WYTRAWNE (Z NUTĄ DESPERACJI)
25%
Nie znaleziono quizów pasujących do podanych kryteriów
Rozkład punktacji
Procent ludzi z każdym wynikiem
Percentyl według liczby udzielonych odpowiedzi
Twoja historia wyników
Nie rozwiązałeś tego quizu